[Event "1st Turkish League 2017"]
[Site "Konya"]
[Date "2017.07.21"]
[Round "7"]
[White "Gulbas, Cemil"]
[Black "Lupulescu, Constantin"]
[Result "0-1"]
[WhiteElo "2366"]
[BlackElo "2634"]
[Annotator "TA"]
[PlyCount "74"]
[EventType "team-tourn"]
[EventCountry "TUR"]
[SourceTitle "playchess.com"]
[Source "ChessBase"]
[SourceQuality "1"]

{[%evp 22,74,19,18,4,0,14,15,25,12,2,-25,-50,-35,-11,-36,-33,-43,-29,-38,-35,-27,-25,-31,0,0,0,-8,0,0,5,0,22,6,0,-43,-37,-43,-29,-108,-85,-473,-470,-494,-497,-464,-487,-486,-486,-407,-390,-441,-248,-29979,-29979]} 1. e4 c6 2. d4 d5 3. Nc3 dxe4 4. Nxe4 Bf5 5. Ng3 Bg6 6. h4 h6 7. Nf3 Nd7 8. h5 Bh7 9. Bd3 Bxd3 10. Qxd3 e6 11. Bd2 Ngf6 12. O-O-O a5 {B19: Classical Caro-Kann: 4...Bf5 main line} (12... Be7 13. Kb1 O-O 14. Ne4 Nxe4 15. Qxe4 Nf6 16. Qe2 Qd5 17. Ne5 Qe4 18. Qxe4 Nxe4 19. Be3 Rfd8 20. g4 c5 21. f3 cxd4 22. Bxd4 {½-½ (30) Lenic,L (2640)-Ragger,M (2700) Austria 2017}) 13. Qe2 Bb4 14. c3 Be7 {The position is equal.} 15. Ne5 O-O {[#]} 16. Ng6 $146 ({NOTEXT:} 16. f4 c5 17. dxc5 Nxc5 18. Be3 Qc7 19. Bxc5 Bxc5 {1-0 (47) Pridorozhni,A (2574)-Paravyan,D (2544) Khanty-Mansiysk 2016}) 16... Re8 $1 17. Nxe7+ Qxe7 18. Kb1 a4 {[%cal Ba5a4,Ba4a3][%mdl 32]} 19. Ne4 e5 (19... a3 $5 {[%cal Rf6e4]} 20. b3 e5 $11) 20. Nxf6+ Nxf6 21. Rhe1 {[%cal Rd4e5]} e4 22. g4 {[%cal Bg2g4,Bg4g5][%mdl 32]} a3 23. b3 $1 Qe6 24. Rg1 $1 Nd5 25. Kc2 b5 26. g5 e3 27. Bxe3 {Threatening gxh6.} b4 $36 {[%mdl 2048] Black has good play.} 28. cxb4 Qf5+ $1 29. Kd2 hxg5 $1 30. Qd3 {[#]} (30. Qg4 $1 $11 {remains equal.} Qxg4 31. Rxg4) 30... Qf6 $1 $17 31. Kc1 $2 {[%mdl 8192]} (31. Rg2 $17) 31... Nxb4 $19 32. Qd2 {[#]} c5 $1 {[%cal Rc5d4][%mdl 512]} 33. Rxg5 (33. dxc5 Qa1#) 33... cxd4 34. Bxd4 {[#]} Nd3+ $1 {[%mdl 512]} 35. Qxd3 Qxg5+ 36. Be3 Qxh5 (36... Qa5 $142 {Hoping for ...Rad8.} 37. h6 Rad8 38. h7+ Kh8) 37. Re1 $2 (37. Kb1 $19) 37... Rad8 {Precision: White = 50%, Black = 71%.} 0-1

[Event "1st Turkish League 2017"]
[Site "Konya"]
[Date "2017.07.21"]
[Round "7"]
[White "Dogan, Nazmi Can"]
[Black "Rzayev, Askar Aliakbar"]
[Result "1-0"]
[WhiteElo "2242"]
[BlackElo "2080"]
[Annotator "NA"]
[PlyCount "57"]
[EventType "team-tourn"]
[EventCountry "TUR"]
[SourceTitle "playchess.com"]
[Source "ChessBase"]
[SourceQuality "1"]
[TimeControl "5400+30"]

1. e4 {[%emt 0:00:30]} c5 {[%emt 0:01:00]} 2. Nf3 {[%emt 0:00:00]} d6 {[%emt 0:00:00]} 3. Bb5+ {[%emt 0:00:00]} Bd7 {[%emt 0:01:00]} 4. Bxd7+ {[%emt 0:00:30]} Qxd7 {[%emt 0:00:00]} 5. O-O {[%emt 0:00:30]} Nf6 {[%emt 0:00:00]} 6. Re1 {[%emt 0:00:30]} Nc6 {[%emt 0:00:30]} 7. c3 {[%emt 0:00:30]} e6 {[%emt 0:00:00]} 8. d4 {[%emt 0:00:30]} cxd4 {[%emt 0:00:00]} 9. cxd4 {[%emt 0:00:00]} d5 {[%emt 0:00:30]} 10. e5 {[%emt 0:00:00]} Ne4 {[%emt 0:00:00]} 11. Nbd2 {[%emt 0:00:30]} Nxd2 {[%emt 0:02:00]} 12. Bxd2 {[%emt 0:00:30]} Be7 {[%emt 0:00:00]} 13. Rc1 {[%emt 0:00:30]} O-O {[%emt 0:00:00]} 14. Rc3 {[%emt 0:02:30]} Rfc8 {[%emt 0:03:30]} 15. a3 {[%emt 0:03:30]} a5 {[%emt 0:02:30] LiveBook: 3 Games} 16. Rd3 {[%emt 0:00:30]} a4 {[%emt 0:00:30]} 17. Ng5 $11 {[%emt 0:01:30]} h6 {[%emt 0:12:30]} 18. Nh3 {[%emt 0:05:30]} f5 {[%emt 0:08:30]} 19. exf6 {[%emt 0:01:30]} Bxf6 {[%emt 0:00:30]} 20. Qg4 {[%emt 0:15:30]} Ra6 {[%emt 0:08:30]} 21. Bc3 {[%emt 0:11:30]} Re8 {[%emt 0:08:30]} 22. Nf4 {[%emt 0:02:30]} Na7 {[%emt 0:22:30]} 23. Rh3 {[%emt 0:11:30]} Bg5 {[%emt 0:09:30]} 24. Nd3 {[%emt 0:00:30]} Qc7 {[%emt 0:08:48]} 25. f4 {[%emt 0:02:30]} Bf6 {[%emt 0:00:18]} 26. Rxh6 {[%emt 0:00:30]} Qf7 {[%emt 0:01:00]} 27. Ne5 {[%emt 0:01:30]} Bxe5 {[%emt 0:01:38]} 28. Rxe5 {[%emt 0:00:30]} Nc6 {[%emt 0:04:02]} 29. Rg5 {[%emt 0:04:30]} 1-0

[Event "1st Turkish League 2017"]
[Site "Konya"]
[Date "2017.07.21"]
[Round "7"]
[White "Caglar, Ahmet Ata"]
[Black "Sari, Yasin"]
[Result "0-1"]
[WhiteElo "2082"]
[BlackElo "2195"]
[Annotator "NA"]
[PlyCount "56"]
[EventType "team-tourn"]
[EventCountry "TUR"]
[SourceTitle "playchess.com"]
[Source "ChessBase"]
[SourceQuality "1"]
[TimeControl "5400+30"]

1. d4 {[%emt 0:00:30]} Nf6 {[%emt 0:01:00]} 2. c4 {[%emt 0:00:00]} g6 {[%emt 0:00:30]} 3. Nc3 {[%emt 0:00:00]} Bg7 {[%emt 0:00:00]} 4. Nf3 {[%emt 0:04:30]} O-O {[%emt 0:01:00]} 5. g3 {[%emt 0:02:30]} d6 {[%emt 0:00:30]} 6. Bg2 {[%emt 0:00:30]} Nc6 {[%emt 0:00:00]} 7. O-O {[%emt 0:00:30]} a6 {[%emt 0:00:00]} 8. Bf4 {[%emt 0:00:30]} h6 $14 {[%emt 0:06:30]} 9. Nd5 {[%emt 0:24:30]} g5 {[%emt 0:04:30]} 10. Nxf6+ {[%emt 0:01:30]} Bxf6 {[%emt 0:00:30]} 11. Be3 {[%emt 0:00:00]} Bf5 {[%emt 0:16:30]} 12. d5 {[%emt 0:06:00]} Na5 {[%emt 0:01:30]} 13. Nd4 {[%emt 0:00:30]} Bd7 {[%emt 0:04:30]} 14. Rc1 {[%emt 0:18:30]} e5 {[%emt 0:10:30]} 15. dxe6 {[%emt 0:00:30]} fxe6 {[%emt 0:00:30]} 16. Qd3 {[%emt 0:03:30]} Kg7 {[%emt 0:04:30]} 17. h4 {[%emt 0:07:30]} Nc6 {[%emt 0:04:30]} 18. hxg5 {[%emt 0:04:30]} hxg5 {[%emt 0:02:30]} 19. f4 {[%emt 0:00:30]} g4 {[%emt 0:09:30]} 20. Bxc6 {[%emt 0:02:30]} bxc6 {[%emt 0:00:30]} 21. Qe4 {[%emt 0:00:00]} Qe8 {[%emt 0:05:30]} 22. c5 {[%emt 0:06:40]} d5 {[%emt 0:01:30]} 23. Qg2 {[%emt 0:00:01]} Rh8 {[%emt 0:03:30]} 24. Nb3 {[%emt 0:08:20]} Rh3 {[%emt 0:07:46]} 25. Kf2 {[%emt 0:00:30]} e5 {[%emt 0:00:50]} 26. Rh1 {[%emt 0:05:15]} Qg6 {[%emt 0:07:22]} 27. Rxh3 {[%emt 0:03:03]} gxh3 {[%emt 0:00:30]} 28. Qf3 {[%emt 0:00:00]} d4 {[%emt 0:00:41]} 0-1

[Event "1st Turkish League 2017"]
[Site "Konya"]
[Date "2017.07.21"]
[Round "7"]
[White "Korkmaz, Necmettin"]
[Black "Annaberdiyev, Babageldi"]
[Result "1/2-1/2"]
[WhiteElo "2078"]
[BlackElo "2262"]
[Annotator "NA"]
[PlyCount "131"]
[EventType "team-tourn"]
[EventCountry "TUR"]
[SourceTitle "playchess.com"]
[Source "ChessBase"]
[SourceQuality "1"]
[TimeControl "5400+30"]

1. e4 {[%emt 0:00:30]} c6 {[%emt 0:01:00]} 2. d4 {[%emt 0:00:30]} d5 {[%emt 0:00:30]} 3. Nc3 {[%emt 0:01:30]} dxe4 {[%emt 0:00:30]} 4. Nxe4 {[%emt 0:00:30]} Nf6 {[%emt 0:00:00]} 5. Nxf6+ {[%emt 0:00:00]} exf6 {[%emt 0:00:00]} 6. Bc4 {[%emt 0:01:00]} Bd6 {[%emt 0:00:30]} 7. Qe2+ {[%emt 0:01:30]} Qe7 {[%emt 0:00:30]} 8. Qxe7+ {[%emt 0:00:30]} Kxe7 {[%emt 0:00:00]} 9. Ne2 {[%emt 0:00:30]} Re8 {[%emt 0:00:00]} 10. O-O {[%emt 0:06:30]} Bf5 {[%emt 0:01:30]} 11. c3 {[%emt 0:01:30]} Nd7 {[%emt 0:12:30]} 12. Bf4 {[%emt 0:03:30]} b5 {[%emt 0:04:30]} 13. Bb3 {[%emt 0:04:30]} Nb6 {[%emt 0:02:30]} 14. Rfe1 {[%emt 0:03:30]} Be6 {[%emt 0:00:30]} 15. Bc2 $11 {[%emt 0:05:30]} a5 {[%emt 0:21:30]} 16. Bxd6+ {[%emt 0:03:30]} Kxd6 {[%emt 0:00:30]} 17. Ng3 {[%emt 0:00:00]} g6 {[%emt 0:13:30]} 18. Ne4+ {[%emt 0:05:00]} Ke7 {[%emt 0:00:00]} 19. Nc5 {[%emt 0:02:30]} Kf8 {[%emt 0:01:00]} 20. a4 {[%emt 0:04:30]} Bd5 {[%emt 0:04:30]} 21. axb5 {[%emt 0:01:30]} cxb5 {[%emt 0:00:00]} 22. Be4 {[%emt 0:01:30]} Bxe4 {[%emt 0:02:00]} 23. Nxe4 {[%emt 0:00:00]} Re6 {[%emt 0:03:30]} 24. Kf1 {[%emt 0:05:00]} a4 {[%emt 0:03:30]} 25. Nc5 {[%emt 0:00:30]} Rc6 {[%emt 0:03:30]} 26. b3 {[%emt 0:06:30]} a3 {[%emt 0:00:30]} 27. Re2 {[%emt 0:09:30]} Rc7 {[%emt 0:00:30]} 28. Rc2 {[%emt 0:03:30]} Nd5 {[%emt 0:06:49]} 29. c4 {[%emt 0:03:30]} bxc4 {[%emt 0:02:23]} 30. Rxc4 {[%emt 0:00:30]} a2 {[%emt 0:06:31]} 31. Rc2 {[%emt 0:05:30]} Rca7 {[%emt 0:00:56]} 32. Na4 {[%emt 0:01:30]} Rb8 {[%emt 0:00:35]} 33. Nc5 {[%emt 0:00:30]} Rba8 {[%emt 0:00:30]} 34. Nd3 {[%emt 0:04:07]} Rb8 {[%emt 0:02:05]} 35. Nc1 {[%emt 0:03:05]} Nb4 {[%emt 0:00:42]} 36. Rc4 {[%emt 0:00:32]} Rd7 {[%emt 0:00:00]} 37. Ke2 {[%emt 0:00:58]} Rxd4 {[%emt 0:01:30]} 38. Rxd4 {[%emt 0:00:30]} Nc2 {[%emt 0:00:00]} 39. Rxa2 {[%emt 0:03:15]} Nxd4+ {[%emt 0:00:03]} 40. Kf1 {[%emt 0:00:38]} Rc8 {[%emt 0:00:21]} 41. Ra1 {[%emt 0:00:17]} Rc2 {[%emt 0:00:42]} 42. Rb1 {[%emt 0:00:46]} Nb5 {[%emt 0:00:39]} 43. Nd3 {[%emt 0:00:33]} Rc3 {[%emt 0:00:59]} 44. Nc1 {[%emt 0:00:41]} h5 {[%emt 0:01:10]} 45. Ne2 {[%emt 0:02:28]} Rc2 {[%emt 0:00:14]} 46. Rd1 {[%emt 0:01:05]} Rb2 {[%emt 0:00:13]} 47. Nc1 {[%emt 0:00:34]} Rb1 {[%emt 0:00:39]} 48. g3 {[%emt 0:01:12]} Nc3 {[%emt 0:02:18]} 49. Re1 {[%emt 0:00:01]} f5 {[%emt 0:00:08]} 50. Ne2 {[%emt 0:01:57]} Rxb3 {[%emt 0:00:10]} 51. Nxc3 {[%emt 0:00:00]} Rxc3 {[%emt 0:00:03]} 52. Kg2 {[%emt 0:01:40]} Kg7 {[%emt 0:00:30]} 53. f4 {[%emt 0:00:30]} Rc2+ {[%emt 0:00:00]} 54. Kh3 {[%emt 0:00:00]} f6 {[%emt 0:00:02]} 55. Re7+ {[%emt 0:00:30]} Kf8 {[%emt 0:00:17]} 56. Ra7 {[%emt 0:00:36]} g5 {[%emt 0:01:05]} 57. fxg5 {[%emt 0:00:09]} fxg5 {[%emt 0:00:00]} 58. Rh7 {[%emt 0:02:35]} g4+ {[%emt 0:02:53]} 59. Kh4 {[%emt 0:00:05]} Rxh2+ {[%emt 0:00:37]} 60. Kg5 {[%emt 0:00:02]} h4 {[%emt 0:01:20]} 61. gxh4 {[%emt 0:00:44]} Rf2 {[%emt 0:01:22]} 62. Kf6 {[%emt 0:02:06]} Ke8 {[%emt 0:01:53]} 63. Rg7 {[%emt 0:00:15]} Rf3 {[%emt 0:02:34]} 64. h5 {[%emt 0:00:30]} Rh3 {[%emt 0:00:03]} 65. Kxf5 {[%emt 0:00:41]} Rxh5+ {[%emt 0:00:41]} 66. Kxg4 {[%emt 0:00:06]} 1/2-1/2

[Event "1st Turkish League 2017"]
[Site "Konya"]
[Date "2017.07.21"]
[Round "7"]
[White "Koc, Ilkay"]
[Black "Keler, Faruk"]
[Result "0-1"]
[WhiteElo "2074"]
[BlackElo "2262"]
[Annotator "NA"]
[PlyCount "94"]
[EventType "team-tourn"]
[EventCountry "TUR"]
[SourceTitle "playchess.com"]
[Source "ChessBase"]
[SourceQuality "1"]
[TimeControl "5400+30"]

1. e4 {[%emt 0:00:30]} c5 {[%emt 0:02:00]} 2. Nf3 {[%emt 0:00:00]} d6 {[%emt 0:00:00]} 3. d4 {[%emt 0:00:00]} cxd4 {[%emt 0:00:00]} 4. Nxd4 {[%emt 0:00:30]} Nf6 {[%emt 0:00:30]} 5. Nc3 {[%emt 0:00:30]} a6 {[%emt 0:00:30]} 6. Bg5 {[%emt 0:00:00]} Nbd7 {[%emt 0:00:30]} 7. Bc4 {[%emt 0:00:00]} Qb6 {[%emt 0:00:30]} 8. Bb3 {[%emt 0:00:00]} e6 {[%emt 0:01:30]} 9. Qd2 {[%emt 0:02:00]} Be7 {[%emt 0:00:30]} 10. O-O-O {[%emt 0:02:30]} Nc5 {[%emt 0:00:30]} 11. f3 {[%emt 0:02:30]} Bd7 {[%emt 0:07:30]} 12. Kb1 $11 {[%emt 0:01:30]} Qc7 {[%emt 0:06:30]} 13. Qe2 {[%emt 0:19:30]} O-O {[%emt 0:07:30]} 14. f4 {[%emt 0:02:30]} Bc6 {[%emt 0:08:30]} 15. e5 {[%emt 0:15:30]} dxe5 {[%emt 0:07:30]} 16. fxe5 {[%emt 0:01:30]} Nfe4 {[%emt 0:03:30]} 17. Bxe7 {[%emt 0:07:30]} Nxc3+ {[%emt 0:06:30]} 18. bxc3 {[%emt 0:00:30]} Qxe7 {[%emt 0:00:30]} 19. Nxc6 {[%emt 0:01:30]} bxc6 {[%emt 0:00:00]} 20. Rd6 {[%emt 0:01:30]} a5 {[%emt 0:05:00]} 21. a4 {[%emt 0:05:30]} Rfb8 {[%emt 0:04:30]} 22. Qc4 {[%emt 0:06:30]} Nxb3 {[%emt 0:00:30]} 23. cxb3 {[%emt 0:00:30]} Qg5 {[%emt 0:00:30]} 24. Re1 {[%emt 0:00:00]} Qxg2 {[%emt 0:01:30]} 25. h4 {[%emt 0:03:00]} Rb6 {[%emt 0:04:30]} 26. Red1 {[%emt 0:01:30]} h5 {[%emt 0:00:30]} 27. R1d2 {[%emt 0:00:30]} Qf3 {[%emt 0:04:30]} 28. Ka2 {[%emt 0:02:30]} Rab8 {[%emt 0:00:30]} 29. Rd8+ {[%emt 0:03:30]} Rxd8 {[%emt 0:00:30]} 30. Rxd8+ {[%emt 0:00:30]} Kh7 {[%emt 0:00:30]} 31. Qc5 {[%emt 0:01:30]} Qg2+ {[%emt 0:04:30]} 32. Ka3 {[%emt 0:00:30]} Rb7 {[%emt 0:00:30]} 33. Rd6 {[%emt 0:01:43]} Qh1 {[%emt 0:05:57]} 34. Ka2 {[%emt 0:01:05]} Qxh4 {[%emt 0:01:32]} 35. Rd2 {[%emt 0:03:27]} Qf4 {[%emt 0:04:45]} 36. Rc2 {[%emt 0:01:55]} Qe4 {[%emt 0:03:21]} 37. Rd2 {[%emt 0:00:17]} h4 {[%emt 0:03:57]} 38. Qxa5 {[%emt 0:01:15]} Qf4 {[%emt 0:00:06]} 39. c4 {[%emt 0:02:48]} Qe3 {[%emt 0:00:18]} 40. Rb2 {[%emt 0:00:29]} Rd7 {[%emt 0:00:36]} 41. Qa6 {[%emt 0:01:15]} Rd2 {[%emt 0:00:14]} 42. Qxc6 {[%emt 0:04:44]} Rxb2+ {[%emt 0:00:30]} 43. Kxb2 {[%emt 0:00:00]} Qe2+ {[%emt 0:00:00]} 44. Ka3 {[%emt 0:01:06]} h3 {[%emt 0:00:03]} 45. Qh1 {[%emt 0:00:19]} Qg2 {[%emt 0:01:16]} 46. Qb1+ {[%emt 0:01:50]} Kh8 {[%emt 0:00:30]} 47. Qd1 {[%emt 0:00:30]} h2 {[%emt 0:00:00]} 0-1

[Event "1st Turkish League 2017"]
[Site "Konya"]
[Date "2017.07.21"]
[Round "7"]
[White "Kucuk, Dogan"]
[Black "Erturan, Yakup"]
[Result "0-1"]
[WhiteElo "2048"]
[BlackElo "2371"]
[Annotator "NA"]
[PlyCount "212"]
[EventType "team-tourn"]
[EventCountry "TUR"]
[SourceTitle "playchess.com"]
[Source "ChessBase"]
[SourceQuality "1"]
[TimeControl "5400+30"]

1. e4 {[%emt 0:00:30]} g6 {[%emt 0:01:00]} 2. Nc3 {[%emt 0:00:30]} Bg7 {[%emt 0:00:30]} 3. d4 {[%emt 0:01:30]} c6 {[%emt 0:03:30]} 4. Nf3 {[%emt 0:01:30]} d5 {[%emt 0:05:30]} 5. h3 {[%emt 0:02:30]} dxe4 {[%emt 0:03:30]} 6. Nxe4 {[%emt 0:00:30]} Nd7 {[%emt 0:01:30]} 7. Bc4 {[%emt 0:04:30]} Ngf6 {[%emt 0:03:30]} 8. Nxf6+ {[%emt 0:01:30]} Nxf6 {[%emt 0:00:30]} 9. O-O {[%emt 0:00:30]} O-O {[%emt 0:00:30]} 10. c3 {[%emt 0:01:30]} Bf5 {[%emt 0:05:30]} 11. Re1 {[%emt 0:08:30]} Qc7 {[%emt 0:05:30] LiveBook: 3 Games} 12. Ne5 $16 {[%emt 0:04:30]} Nd5 {[%emt 0:00:30]} 13. Bxd5 {[%emt 0:04:30]} cxd5 {[%emt 0:00:30]} 14. Qb3 {[%emt 0:00:30]} Be6 {[%emt 0:15:30]} 15. Bf4 {[%emt 0:03:30]} Qc8 {[%emt 0:00:30]} 16. Re2 {[%emt 0:05:30]} b6 {[%emt 0:05:30]} 17. Rae1 {[%emt 0:02:30]} Qb7 {[%emt 0:01:30]} 18. Nf3 {[%emt 0:12:30]} Rfe8 {[%emt 0:01:30]} 19. Be5 {[%emt 0:05:30]} Bf8 {[%emt 0:01:30]} 20. Nd2 {[%emt 0:03:30]} Qd7 {[%emt 0:07:30]} 21. Bg3 {[%emt 0:02:30]} Bf5 {[%emt 0:00:30]} 22. Nf3 {[%emt 0:02:30]} Rac8 {[%emt 0:05:30]} 23. Rd2 {[%emt 0:03:30]} f6 {[%emt 0:01:30]} 24. Nh4 {[%emt 0:04:30]} Be6 {[%emt 0:00:30]} 25. Qd1 {[%emt 0:01:30]} Bf7 {[%emt 0:02:30]} 26. Qg4 {[%emt 0:01:30]} e6 {[%emt 0:00:30]} 27. Qe2 {[%emt 0:02:41]} b5 {[%emt 0:00:30]} 28. Rc2 {[%emt 0:03:12]} Rc4 {[%emt 0:04:30]} 29. Nf3 {[%emt 0:01:08]} Rec8 {[%emt 0:02:30]} 30. a3 {[%emt 0:00:53]} a5 {[%emt 0:01:30]} 31. Bf4 {[%emt 0:04:06]} b4 {[%emt 0:00:30]} 32. axb4 {[%emt 0:00:26]} axb4 {[%emt 0:00:30]} 33. Bd2 {[%emt 0:00:08]} bxc3 {[%emt 0:06:14]} 34. Bxc3 {[%emt 0:00:58]} Bb4 {[%emt 0:00:30]} 35. Rec1 {[%emt 0:03:19]} Qc7 {[%emt 0:01:20]} 36. Nd2 {[%emt 0:00:28]} Rc6 {[%emt 0:00:06]} 37. Qf3 {[%emt 0:01:14]} Be7 {[%emt 0:02:49]} 38. Nb3 {[%emt 0:00:27]} Qb8 {[%emt 0:03:30]} 39. Nc5 {[%emt 0:01:51]} e5 {[%emt 0:01:16]} 40. b4 {[%emt 0:04:03]} exd4 {[%emt 0:00:58]} 41. Bd2 {[%emt 0:00:14]} Qb5 {[%emt 0:02:33]} 42. Re1 {[%emt 0:00:44]} Bf8 {[%emt 0:00:39]} 43. Qf4 {[%emt 0:00:52]} d3 {[%emt 0:01:57]} 44. Rcc1 {[%emt 0:00:01]} Bg7 {[%emt 0:01:35]} 45. Qd4 {[%emt 0:01:00]} f5 {[%emt 0:00:29]} 46. Qxd3 {[%emt 0:00:13]} Qxd3 {[%emt 0:00:30]} 47. Nxd3 {[%emt 0:00:00]} Rxc1 {[%emt 0:00:36]} 48. Rxc1 {[%emt 0:00:00]} Rxc1+ {[%emt 0:00:01]} 49. Nxc1 {[%emt 0:00:07]} Kf8 {[%emt 0:00:50]} 50. Kf1 {[%emt 0:00:30]} Ke7 {[%emt 0:00:13]} 51. Ke2 {[%emt 0:00:30]} Kd6 {[%emt 0:00:30]} 52. Kd3 {[%emt 0:00:00]} Be8 {[%emt 0:00:00]} 53. Bf4+ {[%emt 0:01:11]} Ke6 {[%emt 0:00:11]} 54. Ne2 {[%emt 0:00:45]} Bb5+ {[%emt 0:01:06]} 55. Ke3 {[%emt 0:00:30]} Bc4 {[%emt 0:00:00]} 56. g3 {[%emt 0:00:19]} Bb2 {[%emt 0:00:08]} 57. Nd4+ {[%emt 0:00:15]} Kd7 {[%emt 0:00:17]} 58. Be5 {[%emt 0:00:34]} Bc3 {[%emt 0:02:08]} 59. b5 {[%emt 0:00:30]} Bxb5 {[%emt 0:00:32]} 60. Nf3 {[%emt 0:01:31]} Bb4 {[%emt 0:00:58]} 61. Ng5 {[%emt 0:00:53]} h6 {[%emt 0:00:35]} 62. Nf3 {[%emt 0:00:30]} Ba3 {[%emt 0:00:07]} 63. Kd2 {[%emt 0:00:57]} Ba4 {[%emt 0:01:27]} 64. Bg7 {[%emt 0:00:25]} h5 {[%emt 0:00:04]} 65. Bd4 {[%emt 0:01:37]} Ke6 {[%emt 0:00:30]} 66. Ng5+ {[%emt 0:00:00]} Ke7 {[%emt 0:00:24]} 67. Nf3 {[%emt 0:00:27]} f4 {[%emt 0:00:09]} 68. gxf4 {[%emt 0:00:53]} Ke6 {[%emt 0:00:40]} 69. Be5 {[%emt 0:00:44]} Bc5 {[%emt 0:01:21]} 70. Nd4+ {[%emt 0:00:30]} Kf7 {[%emt 0:00:00]} 71. h4 {[%emt 0:00:20]} Bd7 {[%emt 0:00:22]} 72. Kd3 {[%emt 0:00:23]} Bg4 {[%emt 0:00:17]} 73. f3 {[%emt 0:01:55]} Bd7 {[%emt 0:00:08]} 74. f5 {[%emt 0:00:15]} Bxf5+ {[%emt 0:01:02]} 75. Ke3 {[%emt 0:00:42]} Bb1 {[%emt 0:00:30]} 76. Bf4 {[%emt 0:00:00]} Ke7 {[%emt 0:00:10]} 77. Bg5+ {[%emt 0:00:12]} Kd7 {[%emt 0:00:26]} 78. Bf4 {[%emt 0:00:40]} Be7 {[%emt 0:00:20]} 79. Bg3 {[%emt 0:00:30]} Bf6 {[%emt 0:00:12]} 80. Ne2 {[%emt 0:00:00]} Kc6 {[%emt 0:00:15]} 81. Bf2 {[%emt 0:00:52]} Kc5 {[%emt 0:00:22]} 82. Bg3 {[%emt 0:00:36]} Kc4 {[%emt 0:00:30]} 83. Kd2 {[%emt 0:00:11]} Bf5 {[%emt 0:01:56]} 84. Bf2 {[%emt 0:00:05]} d4 {[%emt 0:00:00]} 85. Nf4 {[%emt 0:01:01]} d3 {[%emt 0:00:17]} 86. Ng2 {[%emt 0:00:11]} Bc3+ {[%emt 0:00:25]} 87. Kd1 {[%emt 0:00:02]} Kb3 {[%emt 0:01:11]} 88. Ne3 {[%emt 0:00:29]} Be6 {[%emt 0:00:07]} 89. Nf1 {[%emt 0:00:35]} Bd5 {[%emt 0:01:38]} 90. Nd2+ {[%emt 0:00:01]} Kb4 {[%emt 0:00:17]} 91. Be3 {[%emt 0:00:12]} Kb5 {[%emt 0:00:10]} 92. f4 {[%emt 0:00:34]} Kc6 {[%emt 0:00:15]} 93. Nf1 {[%emt 0:00:08]} Bf3+ {[%emt 0:00:34]} 94. Kc1 {[%emt 0:00:03]} Be1 {[%emt 0:00:31]} 95. f5 {[%emt 0:01:13]} gxf5 {[%emt 0:00:07]} 96. Bg5 {[%emt 0:00:02]} Kd7 {[%emt 0:00:34]} 97. Kb2 {[%emt 0:00:29]} Ke6 {[%emt 0:00:36]} 98. Nd2 {[%emt 0:00:15]} Be4 {[%emt 0:00:39]} 99. Nc4 {[%emt 0:00:50]} Bd5 {[%emt 0:00:37]} 100. Ne3 {[%emt 0:00:37]} Ke5 {[%emt 0:00:23]} 101. Nd1 {[%emt 0:00:55]} f4 {[%emt 0:00:23]} 102. Nc3 {[%emt 0:00:35]} f3 {[%emt 0:00:43]} 103. Nd1 {[%emt 0:00:28]} f2 {[%emt 0:00:29]} 104. Ne3 {[%emt 0:00:31]} Be6 {[%emt 0:00:08]} 105. Nf1 {[%emt 0:00:35]} Bh3 {[%emt 0:00:11]} 106. Ne3 {[%emt 0:00:07]} f1=Q {[%emt 0:00:15]} 0-1

[Event "1st Turkish League 2017"]
[Site "Konya"]
[Date "2017.07.21"]
[Round "7"]
[White "Guncan, Berke"]
[Black "Kilic, Efe Mert"]
[Result "0-1"]
[WhiteElo "2043"]
[BlackElo "2287"]
[Annotator "NA"]
[PlyCount "102"]
[EventType "team-tourn"]
[EventCountry "TUR"]
[SourceTitle "playchess.com"]
[Source "ChessBase"]
[SourceQuality "1"]
[TimeControl "5400+30"]

1. e4 {[%emt 0:00:30]} e5 {[%emt 0:01:00]} 2. Nf3 {[%emt 0:00:30]} Nc6 {[%emt 0:00:00]} 3. Nc3 {[%emt 0:00:30]} Nf6 {[%emt 0:00:00]} 4. Bb5 {[%emt 0:00:30]} Bb4 {[%emt 0:00:30]} 5. O-O {[%emt 0:00:00]} O-O {[%emt 0:00:30]} 6. d3 {[%emt 0:00:00] LiveBook: 1460 Games} Bxc3 {[%emt 0:01:30]} 7. bxc3 {[%emt 0:00:30]} d6 {[%emt 0:00:00]} 8. Bg5 {[%emt 0:00:00]} Qe7 {[%emt 0:00:00]} 9. Re1 {[%emt 0:00:00]} Bg4 {[%emt 0:04:30]} 10. h3 {[%emt 0:16:30]} Bxf3 {[%emt 0:05:30]} 11. Qxf3 {[%emt 0:00:00]} Nd8 {[%emt 0:00:30]} 12. d4 {[%emt 0:06:00]} Ne6 {[%emt 0:00:30]} 13. Be3 {[%emt 0:01:30]} c5 {[%emt 0:00:30]} 14. dxe5 {[%emt 0:00:30]} dxe5 {[%emt 0:01:30]} 15. Bc4 {[%emt 0:00:30]} Nc7 $14 {[%emt 0:09:30]} 16. Bg5 {[%emt 0:08:30]} b5 {[%emt 0:03:30]} 17. Bd5 {[%emt 0:00:30]} Ncxd5 {[%emt 0:10:30]} 18. exd5 {[%emt 0:00:30]} Rad8 {[%emt 0:00:00]} 19. Rad1 {[%emt 0:01:30]} Rfe8 {[%emt 0:06:00]} 20. Re4 {[%emt 0:18:30]} Qd6 {[%emt 0:05:30]} 21. Bxf6 {[%emt 0:01:30]} Qxf6 {[%emt 0:00:30]} 22. Qxf6 {[%emt 0:01:30]} gxf6 {[%emt 0:00:00]} 23. c4 {[%emt 0:01:30]} b4 {[%emt 0:01:00]} 24. f4 {[%emt 0:06:30]} exf4 {[%emt 0:01:30]} 25. Rxe8+ {[%emt 0:00:30]} Rxe8 {[%emt 0:00:30]} 26. Kf2 {[%emt 0:00:30]} Kf8 {[%emt 0:00:30]} 27. d6 {[%emt 0:00:30]} Rd8 {[%emt 0:00:30]} 28. Kf3 {[%emt 0:00:30]} Ke8 {[%emt 0:00:30]} 29. Ke4 {[%emt 0:03:30]} Kd7 {[%emt 0:00:30]} 30. Kd5 {[%emt 0:00:30]} Rg8 {[%emt 0:00:30]} 31. Kxc5 {[%emt 0:01:30]} Rxg2 {[%emt 0:00:30]} 32. Kxb4 {[%emt 0:01:30]} Rxc2 {[%emt 0:02:30]} 33. a4 {[%emt 0:02:30]} f3 {[%emt 0:01:30]} 34. c5 {[%emt 0:00:30]} a6 {[%emt 0:03:30]} 35. Rf1 {[%emt 0:01:30]} f2 {[%emt 0:00:30]} 36. Rd1 {[%emt 0:02:30]} Rd2 {[%emt 0:03:30]} 37. Rf1 {[%emt 0:01:30]} Kc6 {[%emt 0:03:30]} 38. Kc3 {[%emt 0:01:30]} Rd5 {[%emt 0:00:30]} 39. Rxf2 {[%emt 0:00:30]} Rxc5+ {[%emt 0:00:30]} 40. Kb3 {[%emt 0:00:30]} f5 {[%emt 0:00:30]} 41. Rd2 {[%emt 0:00:30]} Kd7 {[%emt 0:00:30]} 42. Kb4 {[%emt 0:00:30]} Re5 {[%emt 0:00:30]} 43. Rg2 f4 {[%emt 0:01:30]} 44. Kc3 {[%emt 0:06:14]} f3 {[%emt 0:00:30]} 45. Rf2 {[%emt 0:01:05]} Rf5 {[%emt 0:00:30]} 46. Kd3 {[%emt 0:00:26]} Kxd6 {[%emt 0:00:30]} 47. Ke4 {[%emt 0:00:30]} Ke6 {[%emt 0:00:30]} 48. Kd4 {[%emt 0:00:50]} Rf4+ {[%emt 0:00:30]} 49. Kc5 {[%emt 0:00:30]} Ke5 {[%emt 0:00:30]} 50. a5 {[%emt 0:00:12]} Ke4 {[%emt 0:00:30]} 51. Kb6 {[%emt 0:00:02]} Rf6+ {[%emt 0:00:00]} 0-1